00597 2200241 4500001002100000005001500021035002000036245005800056100001300114250000600127300003500133700001200168260003100180082001000211084001600221020002200237650001100259990001700270990001700287990001700304990001700321990001700338INLIS00000000000002020180723112519 a0010-07180000201 aAmalan di Bulan Ramadhan /cMardiyah; Editor, Hasanah0 aMardiyah a- aiv, 42 hlm. :bilus. ;c25 cm.0 aHasanah aJakarta :bPT MAPAN,c2009 a297.3 a297.3 MAR a a978-602-8262-54-5 aIbadah a00074/P/2018 a00075/P/2018 a00076/P/2018 a00077/P/2018 a00078/P/2018